|
|
|
|
| LEADER |
00000nam a2200000 i 4500 |
| 001 |
DIGALBA0325 |
| 003 |
NyNyDIG |
| 007 |
cr ||||||||||| |
| 008 |
220905t20162005sp a o 000 0 spa d |
| 006 |
m o d |
| 035 |
|
|
|a (OCoLC)1350505975
|
| 040 |
|
|
|a DGITA
|b eng
|e rda
|e pn
|c DGITA
|
| 020 |
|
|
|a 9788490652213
|q eBook
|
| 020 |
|
|
|z 9788484285823
|
| 041 |
1 |
|
|a spa
|h eng
|
| 050 |
1 |
4 |
|a PN1996 ebook
|
| 082 |
1 |
4 |
|a 808.23
|
| 100 |
1 |
|
|a Snyder, Blake,
|d 1957-
|e author.
|
| 240 |
1 |
0 |
|a Save the cat!.
|l Spanish
|s (Villaro Gumpert)
|
| 245 |
1 |
0 |
|a ¡Salva al gato! :
|b el libro definitivo para la creación de un guión /
|c Blake Snyder ; traducción, Ignacio Villaro.
|
| 250 |
|
|
|a Edición en formato digital.
|
| 264 |
|
1 |
|a Barcelona :
|b Alba,
|c [2016]
|
| 264 |
|
4 |
|c ©2005
|
| 300 |
|
|
|a 1 online resource :
|b illustrations.
|
| 336 |
|
|
|a text
|b txt
|2 rdacontent
|
| 337 |
|
|
|a computer
|b c
|2 rdamedia
|
| 338 |
|
|
|a online resource
|b cr
|2 rdacarrier
|
| 347 |
|
|
|a text file
|2 rdaft
|
| 347 |
|
|
|b EPUB
|
| 490 |
1 |
|
|a Fuera de campo
|
| 588 |
0 |
|
|a Online resource; title from ePub title page (Digitalia, viewed September 5, 2022)
|
| 650 |
|
0 |
|a Motion picture plays
|x Technique.
|
| 650 |
|
0 |
|a Motion picture authorship.
|
| 655 |
|
0 |
|a Electronic books.
|
| 700 |
1 |
|
|a Villaro Gumpert, Ignacio,
|e author.
|
| 700 |
1 |
|
|i Translation of:
|a Snyder, Blake,
|d 1957-
|t Save the cat!.
|
| 791 |
2 |
|
|a Digitalia (Firm),
|e distributor.
|
| 793 |
0 |
|
|g Digitalia eBook Collection:
|a Alba Editorial
|
| 776 |
0 |
8 |
|i Print version:
|a Snyder, Blake, 1957-
|s Save the cat!. Spanish (Villaro Gumpert).
|t Salva al gato!.
|d Barcelona : Alba, 2010
|z 9788490652220
|
| 830 |
|
0 |
|a Fuera de campo ;
|v 13.
|
| 856 |
4 |
0 |
|u https://digitalia.uam.elogim.com/a/48903/
|z Texto completo
|
| 910 |
|
|
|a Premium collection: 2022
|